书目信息 |
| 题名: |
大学英语四级考试无笔训练丛书·阅读理解
|
|
| 作者: | 尹群 , 李晓翠 主编 | |
| 分册: | ||
| 出版信息: | 天津 天津大学出版社 2003.06 |
|
| 页数: | 216页 | |
| 开本: | 24cm | |
| 丛书名: | ||
| 单 册: | ||
| 中图分类: | H319.4 | |
| 科图分类: | ||
| 主题词: | 英语 | |
| 电子资源: | ||
| ISBN: | 7-5618-1787-8 | |
| 000 | 00651nam0 2200205 45 | |
| 001 | 0464294102 | |
| 005 | 2004051017513347 | |
| 010 | @a7-5618-1787-8@d22.00CNY | |
| 100 | @a20040510d2003 km y0chiy0120 ea | |
| 101 | 0 | @achi |
| 102 | @aCN@b120000 | |
| 200 | 1 | @a大学英语四级考试无笔训练丛书·阅读理解@ADa Xue Ying Yu Si Ji Kao Shi Wu Bi Xun Lian Cong Shu·Yue Du Li Jie@f尹群,李晓翠主编@FYin Qun,Li Xiao Cui Zhu Bian |
| 210 | @a天津@c天津大学出版社@d2003.06 | |
| 215 | @a216页@d24cm | |
| 606 | 0 | @a英语 |
| 690 | @aH319.4@v3 | |
| 701 | 0 | @a尹群@AYin Qun@4主编 |
| 701 | 0 | @a李晓翠@ALi Xiao Cui@4主编 |
| 801 | 0 | @aCN@bPFT@c20040510 |
| 905 | @dH319.4@eY601 | |
| 大学英语四级考试无笔训练丛书·阅读理解/尹群,李晓翠主编.-天津:天津大学出版社,2003.06 |
| 216页;24cm |
| ISBN 7-5618-1787-8:22.00CNY |
| ● |
| 相关链接 |
|
|
|
正题名:大学英语四级考试无笔训练丛书·阅读理解
索取号:H319.4/Y601
 
预约/预借
| 序号 | 登录号 | 条形码 | 馆藏地/架位号 | 状态 | 备注 |
| 1 | 393051 | 203930513 | 语言库209/209语言库 50排5列2层/ [索取号:H319.4/Y601] | 在馆 | |
| 2 | 393052 | 203930522 | 语言库209/209语言库 50排5列2层/ [索取号:H319.4/Y601] | 在馆 | |
| 3 | 393053 | 203930531 | 语言库209/209语言库 50排5列2层/ [索取号:H319.4/Y601] | 在馆 |